000 00481nam a2200193Ia 4500
003 GCL
008 140319s9999 xx 000 0 eng d
040 _aGCL /
_cGCL
082 0 4 _a612
_bS T
100 1 _aPATERSON, COLIN
245 1 0 _aTEXTBOOK OF PHYSIOLOGY /
_cPATERSON, COLIN
700 1 _aSMITH, DONALS EMSTIE
700 1 _aSCRATCHERD, THOMAS
260 _a[S.N] :
_bELBS ،
_c1990
300 _a548\P
650 0 4 _aPHYSICIANS
650 0 4 _aPHYSIOLOGY
942 _2ddc
_cBK
999 _c20020
_d20020